[Event "Turkey IS Bank Super League 2017"]
[Site "Darica-Kocaeli"]
[Date "2017.08.05"]
[Round "12"]
[White "Sade, Defne"]
[Black "Arda, Cagil Irmak"]
[Result "1/2-1/2"]
[WhiteElo "1654"]
[BlackElo "2080"]
[Annotator "NA"]
[PlyCount "140"]
[EventType "team-tourn"]
[EventCountry "TUR"]
[SourceTitle "playchess.com"]
[Source "ChessBase"]
[SourceQuality "1"]
[TimeControl "40/5400+30:1800+30"]

1. e4 {[%emt 0:00:30]} c5 {[%emt 0:02:00]} 2. Nf3 {[%emt 0:00:30]} d6 {[%emt 0:00:00]} 3. Bb5+ {[%emt 0:02:30]} Nd7 {[%emt 0:00:00]} 4. O-O {[%emt 0:00:30]} a6 {[%emt 0:00:30]} 5. Bd3 {[%emt 0:00:00] B51: Sicilian: Moscow Variation (3 Bb5+) without 3...Bd7} Ngf6 {[%emt 0:00:00]} (5... b5 6. Re1 Bb7 7. a4 b4 8. Bc4 Ngf6 9. d3 e6 10. Nbd2 Be7 11. Nf1 O-O 12. Ng3 d5 {1-0 (50) Vachier Lagrave,M (2783)-Nepomniachtchi,I (2766) Leuven 2017}) 6. Re1 {[%emt 0:01:00]} e6 {[%emt 0:00:00]} 7. c3 {[%emt 0:00:00]} Be7 {[%emt 0:00:30]} 8. Bf1 {[%emt 0:00:00]} b6 $146 {[%emt 0:01:30]} ({Find the theoretical novelty and annotate with similar games:} 8... b5 9. d4 Bb7 10. Bd3 O-O 11. Bf4 cxd4 12. cxd4 Rc8 13. a4 b4 {0-1 (66) Muzychuk,A (2452)-Fedorchuk,S (2599) Warsaw 2006}) 9. d4 {[%emt 0:01:30]} Bb7 {[%emt 0:01:30]} 10. Nbd2 {[%emt 0:01:30]} O-O {[%emt 0:02:30]} 11. Bd3 {[%emt 0:02:30]} Qc7 {[%emt 0:06:30]} 12. Qe2 {[%emt 0:17:30]} e5 {[%emt 0:06:30]} 13. d5 {[%emt 0:02:30]} Nh5 {[%emt 0:01:30]} 14. c4 {[%emt 0:13:30]} g6 {[%emt 0:01:30]} 15. Nf1 {[%emt 0:03:30]} Bf6 {[%emt 0:02:30]} 16. g3 {[%emt 0:02:30]} Rae8 {[%emt 0:03:30]} 17. h4 {[%emt 0:02:30]} Bh8 {[%emt 0:36:30]} 18. Bh6 {[%emt 0:00:00]} Bg7 {[%emt 0:01:30] [%clk 0:28]} 19. Qd2 {[%emt 0:00:00]} Ndf6 {[%emt 0:06:30]} 20. N1h2 {[%emt 0:00:00]} Bc8 {[%emt 0:00:30]} 21. Qg5 {[%emt 0:00:00]} Kh8 {[%emt 0:06:07]} 22. Qd2 {[%emt 0:00:00]} ({White should play} 22. Bxg7+ $11 Kxg7 23. b3) 22... Bxh6 {[%emt 0:00:18]} 23. Qxh6 {[%emt 0:00:00]} Ng8 {[%emt 0:01:00]} 24. Qd2 {[%emt 0:00:30]} h6 {[%emt 0:01:58]} 25. Qd1 {[%emt 0:08:30]} Nhf6 {[%emt 0:04:28]} 26. Nd2 {[%emt 0:00:30]} Nh7 {[%emt 0:07:27]} 27. h5 {[%emt 0:01:30]} Qd8 {[%emt 0:02:28]} 28. Be2 {[%emt 0:07:30]} Ng5 {[%emt 0:00:30]} 29. Bf1 {[%emt 0:02:30]} f5 {[%emt 0:00:43]} 30. hxg6 {[%emt 0:01:30]} Qf6 {[%emt 0:04:24]} 31. Nhf3 {[%emt 0:10:30]} Nxe4 {[%emt 0:00:31]} 32. Nh4 {[%emt 0:00:30]} Nxd2 {[%emt 0:00:30]} 33. Qxd2 {[%emt 0:00:30]} Qg5 {[%emt 0:00:00]} 34. Qxg5 {[%emt 0:02:33]} hxg5 {[%emt 0:00:15]} 35. Nf3 {[%emt 0:00:30]} g4 {[%emt 0:00:30]} 36. Nh4 {[%emt 0:00:30]} Kg7 {[%emt 0:00:30]} 37. Rab1 {[%emt 0:04:13]} Bd7 {[%emt 0:00:55]} 38. b4 {[%emt 0:00:30]} Rb8 {[%emt 0:00:30]} 39. Rb2 {[%emt 0:02:32]} cxb4 {[%emt 0:00:30]} 40. Rxb4 {[%emt 0:00:00]} Ne7 {[%emt 0:09:26]} 41. Reb1 {[%emt 0:02:12]} b5 {[%emt 0:00:30]} 42. cxb5 {[%emt 0:03:30]} Nxd5 {[%emt 0:00:30]} 43. R4b3 {[%emt 0:01:30]} axb5 $1 {[%emt 0:01:30]} 44. Bxb5 {[%emt 0:04:30]} Bxb5 {[%emt 0:00:30]} 45. Rxb5 {[%emt 0:00:00]} Rxb5 {[%emt 0:01:30]} 46. Rxb5 $11 {[%emt 0:00:00]} Ne7 {[%emt 0:05:34]} 47. a4 {[%emt 0:13:30]} Kf6 {[%emt 0:01:55]} 48. Rb7 {[%emt 0:10:42]} Ra8 {[%emt 0:00:39]} 49. g7 {[%emt 0:00:57]} Rg8 {[%emt 0:01:10]} 50. a5 {[%emt 0:00:42]} Rxg7 {[%emt 0:09:42]} 51. a6 {[%emt 0:01:11]} Rg8 {[%emt 0:00:05]} 52. a7 {[%emt 0:00:19]} Ra8 {[%emt 0:00:30]} 53. Ng2 {[%emt 0:00:33]} Ke6 {[%emt 0:01:12]} 54. Ne3 {[%emt 0:04:54]} d5 {[%emt 0:01:34]} 55. Rb6+ {[%emt 0:00:30]} Kd7 {[%emt 0:00:27]} 56. Rb7+ {[%emt 0:00:29]} Kd6 {[%emt 0:00:30]} 57. Rb6+ {[%emt 0:00:23]} Kc5 {[%emt 0:02:02]} 58. Re6 {[%emt 0:00:00]} Nc6 {[%emt 0:00:24]} 59. Nxf5 {[%emt 0:01:06]} Rxa7 {[%emt 0:00:36]} 60. Rg6 {[%emt 0:01:46]} Ra1+ {[%emt 0:00:30]} 61. Kg2 {[%emt 0:00:30]} d4 {[%emt 0:00:36]} 62. Rxg4 {[%emt 0:00:20]} d3 {[%emt 0:00:27]} 63. Ne3 {[%emt 0:00:49]} d2 {[%emt 0:00:32]} 64. Rc4+ {[%emt 0:02:33]} Kd6 {[%emt 0:00:19]} 65. Re4 {[%emt 0:01:42]} Re1 {[%emt 0:00:00]} 66. Nc4+ {[%emt 0:00:00]} Kd5 {[%emt 0:00:00]} 67. Nxd2 {[%emt 0:00:00]} Rxe4 {[%emt 0:00:00]} 68. Nxe4 {[%emt 0:00:00]} Kxe4 {[%emt 0:00:28]} 69. f4 {[%emt 0:00:00]} exf4 {[%emt 0:00:30]} 70. gxf4 {[%emt 0:00:15]} Kxf4 {[%emt 0:00:30]} 1/2-1/2